000 00798nam a2200229 a 4500
005 20200104041520.0
008 140227b1995 ck ||||| |||| 00| 0 spa d
040 _aCO-BoIAVH
_cCO-BoIAVH
041 _aspa
044 _ack
090 _aLB
_b01333
110 _bInstituto de Investigación de Recursos Biológicos Alexander von Humboldt
_9204
245 _aEstudio ecológico del Quetzal (Pharomacrus mocinno) en la sierra de las Minas, Guatemala
260 _aBogotá
_bInstituto Alexander von Humboldt
_bICN
_c1995?
300 _a30 p.
650 _aHábitat
_942677
650 _aConservación de biodiversidad
_9345
650 _aAreas prioritarias de conservación
_942679
650 _aEcología
_942680
662 _aBrasil
_cReserva de la Biosfera Sierra Las Minas
942 _cINFORME
_2z
999 _c1341
_d1341